01451nab a22002417a 4500999001500000003000400015005001700019008004100036040000700077100003200084245013500116260007200251300001400323500003900337505035700376505015700733505008900890650002600979650002401005650002401029773014301053942001301196 c5988d5988OSt20260115182358.0190605e xxu||||| |||| 00| 0 spa d cPJ 96157aLanchini, Matías F.13aEl empleo público como parte del derecho del trabajo. La "doble indemnización" en el empleo público /cMatías F. Lanchini. aCiudad Autónoma de Buenos Aires :bThomson Reuters La Ley,c2022. ap. 94-102 aCita: TR LALEY AR/DOC/3160/2022.  aSumario: I. El empleo público y el derecho del trabajo.— II. El empleo público y las relaciones colectivas de trabajo.— III. La aplicación de la ley 20.744 en el empleo público. La cuestión de la estabilidad absoluta.— IV. La "doble indemnización".— V. La irrazonable exclusión de la doble indemnización en el empleo público.  aFallo comentado: CNTrab., sala VI ~ 27/04/2022 ~ Razzetti, Néstor c. Administración de Infraestructuras Ferroviarias Sociedad del Estado s/ despido. t¿Te interesa el texto completo? Solicitalo al correo: koha@justierradelfuego.gov.ar 091316aDERECHO LABORAL 09938aEMPLEO PUBLICO 091382aINDEMNIZACION0 0271193168dCiudad Autónoma de Buenos Aires : Thomson Reuters La Ley, 1999-2002.tRevista de derecho del trabajo. Nº 6 - Noviembre 2022 2udccANA